000 00886cam8a220024100 4500
001 qce01735532
005 20190822104423.0
008 750211s1974 ja 000 1 eng u
035 _a(Sirsi) r93377
035 _a(QCAT)lss00737121
035 _a(UPRA)qce01735532
040 _dUPRA
043 _aa-vn--- e-fr---
_aa-vn--- e-fr---
100 1 _aV~o, Nguy^en Giap, 1912-
_dV~o, Nguy^en Giap, 1912-
_6A52133.1
245 1 0 _aPeople's war ; People's Army /
_c[by] Vo Nguyen Giap.
250 _a2nd ed.
260 _aHanoi :
_bForeign Languages Pub. House,
_c1974.
651 0 _aIndochina -- History -- 1945-
_xIndochina -- History -- 1945-
_yIndochina -- History -- 1945-
_6S40782.1
651 0 _aVietnam (Democratic Republic) -- History.
_xVietnam (Democratic Republic) -- History.
_6S30746.1
949 _aDS557
_wlcc
_mMAIN
_tBOOK
_lON-SHELF
004 93377
987 _aWITHDRAWN
999 _c130592
_d130592